Statistics for ULTIMATE ADVENTURE TIME CHARACTER QUIZ PART 1

Click here to take the quiz!

General Stats

  • This quiz has been taken 85 times
    (78 since last reset)
  • The average score is 43 of 97

Answer Stats

HintCharacter% Correct
Game ConsoleBmo
100%
Last HumanFinn The Human
100%
Magical DogJake The Dog
100%
Ruler Of The Candy KingdomPrincess Bubblegum
100%
Flame Princess As A GuyFlame Prince
89%
Real Name Simon PetrikovIce King
89%
Vampire QueenMarceline
89%
Purple Floating BlobLumpy Space Princess
88%
Magical Dogs GirlfriendLady Rainicorn
86%
Last Humans GirlfriendFlame Princess
83%
Jake As A GirlCake
82%
Simon Petrikovs PenguineGunter
80%
Works For The Ruler Of The Candy Kingdom, Good Friends With DeathPeppermint Butler
80%
Loves Making Apple PiesTree Trunks
80%
Finn As A GirlFionna
72%
Ice King As A WomenIce Queen
71%
Puppie #5Jake Jr
69%
Exiled From MarsMagic Man
68%
Never Ending Pie Throwing RobotN.E.P.T.R.
68%
A Fruit PrincessWild Berry Princess
66%
Created By PBEarl Of Lemongrab
65%
Possed PB and Olmost Killed HerThe lich
65%
Puppie #2T.v.
65%
^Heart Of AboveRicardio
63%
The Greatest WarriorBilly
62%
Jake And Finns DadJoshua
62%
LSP As A GuyLumpy Space Prince
62%
Appears in Every EpisodeSnail
62%
A WormShelby
60%
Appears in Croak DreamsCosmic Owl
58%
Flambit From Fire KingdomFlambo
58%
Lord Of NightosphereHunson Abadeer
58%
Jake And Finns BrotherJermaine
58%
^Pet Of AboveScience
58%
Ruler of The UnderworldDeath
57%
CloselyResembles A HumanSusan Strong
57%
Candy Kingdom FoolCinnamon Bun
55%
Marceline As A GuyMarshall Lee
55%
Works At Candy Kingdom CemataryStarchy
55%
Marcelines Ex-BoyfriendAsh
54%
Jake And Finns MomMargaret
54%
Puppie #4Viola
54%
Ruler Of The Breakfast KingdomBreakfast Princess
52%
Ryming Crazy BirdChoose Goose
52%
Pink 2D BeingPrismo
52%
Wimpy WizardAbracadaniel
51%
Marceline's TeddyHambo
51%
Puppie #3Kim Kil Whan
51%
PB As A GuyPrince Gumball
51%
Puppie #1Charlie
49%
StrongMuscle Princess
48%
Ruler Of MarsAbraham Lincoln
45%
Created BmoMoe
43%
Grass OgreDonny
42%
Tried To Assassinate Wildberry PrincessMe-mow
42%
Lsp's DadLumpy Space King
37%
Lsp's MomLumpy Space Queen
37%
A SlugSlime Princess
35%
Monsters That Resemble Werewolves And Will Sometimes Pause To Give LecturesWhy-Wolves
35%
Ruler Of The WormsKing Worm
34%
A BeeBreezy
32%
Very LongHotdog Princess
32%
DeadGhost Princess
31%
One Of A Kind ElephantAncient Psychic Tandem War Elephant
29%
Tadpole Wizards That Live in A FrogBufo
29%
Box Shaped People Who Wear Tiny Houses Like ClothingHousies
29%
Leader Of The Paper PeoplePaper Pete
29%
Lady As A GuyLord Monochromicorn
28%
She Dares Mr. Cup Cake to Take of His WrapperChocoberry
26%
Peppermint Butler As A GirlPeppermint Maid
25%
From City Of Thieves (Little Girl)Penny
23%
Simon Petrikovs GirlfriendBetty Grof
22%
Bmo's Ex-GirlfriendLorraine
22%
Speaks In The Beginning And End Of The Episode "5 Short Graybles"Cuber
20%
Alter-ego Science WhyzardDoctor Princess
18%
Small Fungus Like Creatures Who Want People To Fear ThemCuties
17%
The Guy In Jakes Croak DreamBanana Guy
15%
Party TrickstersBaloons
14%
He Gives Lfe To Inanimate ObjectsAncient Sleeping Magi Of Life Giving
12%
Finn And Jake Fart On Him For Stealing Shiny BootsFire Newt
12%
A Punch BowlPunchy
12%
Lady's DadBob Rainicorn
11%
She Puts PB in A Milk SuitDr. Icecream
11%
Lady's MomEthel Rainicorn
9%
Bon Bon GuyChet
8%
Main GoblinGummy
6%
Muddy Serpent That Rewards People With Magical Wish OrbsAquandrius
5%
They Came From The Third Pod In "The Pod" EpisodeBaby Pigs
5%
Two People Who Share One BodyAdventure Tim
2%
Runs The Candy DrugstorAnn
2%
Old King Of GoblinsXergoik
2%
Gingerbread ManGingerbread Muto
0%
Gingerbread GuyGingerbread Pat
0%
Gingerbread GirlGingerbread Pen
0%
Gingerbread WomenGingerbread Rebbeca
0%
Guarded 3 Magical BeansGnome Night
0%
A FruitPineapple Guy
0%

Score Distribution

Percentile by Number Answered

Percent of People with Each Score

Your Score History

You have not taken this quiz since the last reset